Technology ventures : (Record no. 26840)
[ view plain ]
| 000 -LEADER | |
|---|---|
| fixed length control field | 01191cam a22003615a 4500 |
| 001 - CONTROL NUMBER | |
| control field | 016797362 |
| 003 - CONTROL NUMBER IDENTIFIER | |
| control field | Uk |
| 005 - DATE AND TIME OF LATEST TRANSACTION | |
| control field | 20180902114846.0 |
| 008 - FIXED-LENGTH DATA ELEMENTS--GENERAL INFORMATION | |
| fixed length control field | 150608t2015 nyua frb 001 0 eng d |
| 015 ## - NATIONAL BIBLIOGRAPHY NUMBER | |
| National bibliography number | GBB5D8765 |
| Source | bnb |
| 016 7# - NATIONAL BIBLIOGRAPHIC AGENCY CONTROL NUMBER | |
| Record control number | 016797362 |
| Source | Uk |
| 020 ## - INTERNATIONAL STANDARD BOOK NUMBER | |
| International Standard Book Number | 9781259252754 (paperback) |
| 020 ## - INTERNATIONAL STANDARD BOOK NUMBER | |
| International Standard Book Number | 1259252752 |
| 040 ## - CATALOGING SOURCE | |
| Original cataloging agency | StDuBDS |
| Language of cataloging | eng |
| Transcribing agency | StDuBDS |
| Modifying agency | EG-ScBUE |
| 082 04 - DEWEY DECIMAL CLASSIFICATION NUMBER | |
| Classification number | 658.11 |
| Item number | BYE |
| Edition number | 22 |
| 100 1# - MAIN ENTRY--PERSONAL NAME | |
| Personal name | Byers, Thomas |
| Fuller form of name | (Thomas H.) |
| 245 10 - TITLE STATEMENT | |
| Title | Technology ventures : |
| Remainder of title | from idea to enterprise / |
| Statement of responsibility, etc | Thomas H. Byers, Richard C. Dorf, Andrew J. Nelson. |
| 250 ## - EDITION STATEMENT | |
| Edition statement | 4th ed., McGraw-Hill international ed. |
| 260 ## - PUBLICATION, DISTRIBUTION, ETC. (IMPRINT) | |
| Place of publication, distribution, etc | New York : |
| Name of publisher, distributor, etc | McGraw-Hill Education, |
| Date of publication, distribution, etc | c.2015. |
| 300 ## - PHYSICAL DESCRIPTION | |
| Extent | xviii, 601 p. : |
| Other physical details | ill. ; |
| Dimensions | 24 cm. |
| 504 ## - BIBLIOGRAPHY, ETC. NOTE | |
| Bibliography, etc | Includes bibliographical references and index. |
| 650 #7 - SUBJECT ADDED ENTRY--TOPICAL TERM | |
| Topical term or geographic name as entry element | Information technology. |
| Source of heading or term | BUEsh |
| 650 #7 - SUBJECT ADDED ENTRY--TOPICAL TERM | |
| Topical term or geographic name as entry element | Entrepreneurship. |
| Source of heading or term | BUEsh |
| 650 #7 - SUBJECT ADDED ENTRY--TOPICAL TERM | |
| Topical term or geographic name as entry element | New business enterprises. |
| Source of heading or term | BUEsh |
| 650 #7 - SUBJECT ADDED ENTRY--TOPICAL TERM | |
| Topical term or geographic name as entry element | High technology industries. |
| Source of heading or term | BUEsh |
| 651 ## - SUBJECT ADDED ENTRY--GEOGRAPHIC NAME | |
| Source of heading or term | BUEsh |
| 653 ## - INDEX TERM--UNCONTROLLED | |
| Resource For college | BAEPS, Business Administration |
| Arrived date list | September2018 |
| 655 ## - INDEX TERM--GENRE/FORM | |
| Form subdivision | Reading book |
| 690 7# - LOCAL SUBJECT ADDED ENTRY--TOPICAL TERM (OCLC, RLIN) | |
| Topical term or geographic name as entry element | Management and Business Studies |
| Source of heading or term | blcoll |
| 700 10 - ADDED ENTRY--PERSONAL NAME | |
| Personal name | Dorf, Richard C. |
| 700 1# - ADDED ENTRY--PERSONAL NAME | |
| Personal name | Nelson, Andrew J. |
| 942 ## - ADDED ENTRY ELEMENTS (KOHA) | |
| Source of classification or shelving scheme | Dewey Decimal Classification |
| Withdrawn status | Item status | Source of classification or shelving scheme | Damaged status | Not for loan | Vendor | Home library | Current library | Shelving location | Date acquired | Source of acquisition | Total Checkouts | Full call number | Barcode | Date last seen | Date last borrowed | Koha item type | Total Renewals |
|---|---|---|---|---|---|---|---|---|---|---|---|---|---|---|---|---|---|
| Dewey Decimal Classification | Baccah | Central Library | Central Library | First floor | 02/09/2018 | Purchase | 1 | 658.11 BYE | 000043454 | 15/07/2025 | 22/06/2021 | Book - Borrowing | |||||
| Dewey Decimal Classification | Baccah | Central Library | Central Library | First floor | 02/09/2018 | Purchase | 1 | 658.11 BYE | 000043453 | 15/07/2025 | 22/08/2019 | Book - Borrowing | 2 |